export_success — 

Bridges and barriers earnings and occupational attainment among immigrants /

Bibliographic Details
Main Author: Karas, Jennifer.
Corporate Author: ProQuest (Firm)
Format: Electronic eBook
Language:English
Published: New York : LFB Scholarly Publishing LLC, c2002.
Series:New Americans (LFB Scholarly Publishing LLC)
Subjects:
Online Access:Click to View
LEADER 01442nam a22003734a 4500
001 EBC3016694
003 MiAaPQ
005 20200520144314.0
006 m o d |
007 cr cn|||||||||
008 010926s2002 nyu sb 001 0 eng
010 |z  2001005908 
020 |z 1931202168 (acid-free paper) 
035 |a (MiAaPQ)EBC3016694 
035 |a (Au-PeEL)EBL3016694 
035 |a (CaPaEBR)ebr10040170 
035 |a (CaONFJC)MIL36146 
035 |a (OCoLC)51250229 
040 |a MiAaPQ  |c MiAaPQ  |d MiAaPQ 
050 4 |a HD8081.A5  |b K37 2002 
082 0 4 |a 331.6/2/0973  |2 21 
100 1 |a Karas, Jennifer. 
245 1 0 |a Bridges and barriers  |h [electronic resource] :  |b earnings and occupational attainment among immigrants /  |c Jennifer Karas. 
260 |a New York :  |b LFB Scholarly Publishing LLC,  |c c2002. 
300 |a xii, 157 p. 
490 1 |a The new Americans 
504 |a Includes bibliographical references (p. 143-153) and index. 
533 |a Electronic reproduction. Ann Arbor, MI : ProQuest, 2015. Available via World Wide Web. Access may be limited to ProQuest affiliated libraries. 
650 0 |a Foreign workers  |z United States. 
650 0 |a Immigrants  |z United States  |x Economic conditions. 
655 4 |a Electronic books. 
710 2 |a ProQuest (Firm) 
830 0 |a New Americans (LFB Scholarly Publishing LLC) 
856 4 0 |u https://ebookcentral.proquest.com/lib/matrademy/detail.action?docID=3016694  |z Click to View